Llwytho...

Customer-centric marketing: supporting sustainability in the digital age

Manylion Llyfryddiaeth
Prif Awdur: Richardson, Neil
Awduron Eraill: James, Jon, Kelley, Neil
Fformat: Printed Book
Cyhoeddwyd: London Kogan Page Ltd. 2015
Pynciau:
LEADER 00833nam a22002417a 4500
003 OSt
020 |a 9780749472092 
082 |a 658.812  |b RIC/CU 
100 |a Richardson, Neil 
245 |a Customer-centric marketing:   |b supporting sustainability in the digital age 
260 |a London  |b Kogan Page Ltd.  |c 2015 
300 |a x, 246 
546 |a English 
650 |a Developments in society 
650 |a Why do companies fail 
650 |a orientations 
650 |a Marketing and sustainability : separating facts from fiction 
650 |a Digital marketing and research 
700 |a James, Jon 
700 |a Kelley, Neil 
942 |2 ddc  |c BK 
999 |c 155762  |d 155762 
952 |0 0  |1 0  |2 ddc  |4 0  |6 658_812000000000000_RICCU  |7 0  |8 Gen  |9 154801  |a KAUCLV  |b KAUCLV  |c GENERAL  |d 2017-06-14  |g 1739.13  |o 658.812 RIC/CU  |p 227440  |r 2017-06-14  |w 2017-06-14  |y BK